| 000 | 00544nam a2200181Ia 4500 | ||
|---|---|---|---|
| 008 | 180921t1977 xxu||||| |||| 00| 0 sin d | ||
| 041 | _asin | ||
| 080 |
_a5 _bKUR |
||
| 100 | _aCooray, Joseph Danista | ||
| 245 | _aඔබ වටා ඇති විද්යා ගැටළු විසදමු | ||
| 246 | _aOba wathaa aaethi vidyaa gatalu visadamu | ||
| 260 |
_bPriyal Fernando _aMoratuwa _c1977 |
||
| 300 | _a20p., 22 cm | ||
| 650 | _aScientific reason | ||
| 942 | _cBK | ||
| 999 |
_c14484 _d14484 |
||
| 003 | LK-CoDNM | ||
| 040 |
_aLK-CoDNM _dLK-CoDNM _eLK-CoDNM |
||